| 000 | 00506nam a2200169 4500 | ||
|---|---|---|---|
| 001 | 108347 | ||
| 003 | ES-MaACL | ||
| 005 | 20230906184628.0 | ||
| 007 | t| | ||
| 008 | 061121s1971 sp r ||||1| spa d | ||
| 100 | 1 |
_aMontero Agüera, Ildefonso. _982505 |
|
| 245 | 1 | 0 |
_aMoluscos bivalvos españoles / _cpor Ildefonso Montero Agüera. |
| 260 |
_aSevilla : _bUniversidad, _c1971. |
||
| 300 |
_a358 p. 49 lám ; _c24 cm. |
||
| 710 | 2 |
_aUniversidad de Sevilla. _97301 |
|
| 852 |
_aES-MaACL _jC-37611 _bR.78499 |
||
| 999 |
_c108347 _d108347 |
||